[Event "Ljubljana-chT 75th"]
[Site "Ljubljana"]
[Date "2023.02.16"]
[Round "4.3"]
[White "Leben, Dusan"]
[Black "Magerl, Zan"]
[Result "1-0"]
[WhiteElo "1797"]
[BlackElo "1347"]
[PlyCount "73"]
[EventDate "2023.01.12"]
[EventType "team-swiss"]
[EventRounds "9"]
[EventCountry "SLO"]
[SourceTitle "EXT 2024"]
[Source "ChessBase"]
[SourceDate "2023.10.10"]
[SourceVersion "1"]
[SourceVersionDate "2023.10.10"]
[SourceQuality "1"]
[WhiteTeam "Trzin Pekos Pub"]
[BlackTeam "Dol"]
[WhiteTeamCountry "SLO"]
[BlackTeamCountry "SLO"]

1. e4 d6 2. d4 Nf6 3. Nc3 g6 4. Nf3 Bg7 5. Bd3 0-0 6. 0-0 a6 7. h3 b5 8. Ne2 Bb7 9. Ng3 Re8 10. Re1 e5 11. dxe5 dxe5 12. c4 bxc4 13. Bxc4 Qxd1 14. Rxd1 h6 15. Re1 Nbd7 16. Bb3 Nc5 17. Bc2 Rad8 18. Bd2 Nd3 19. Re2 Nf4 20. Ree1 Nd3 21. Re2 Nf4 22. Re3 Nd7 23. Ba5 Nb6 24. Rc3 Ne6 25. Bb3 Rd7 26. Rac1 Ree7 27. Bxe6 fxe6 28. R3c2 Kh7 29. Rd2 Rxd2 30. Nxd2 h5 31. Rc2 Bh6 32. Nf3 Bf4 33. Ne2 Bxe4 34. Rc5 Nd5 35. Nxf4 exf4 36. Ng5+ Kg7 37. Nxe4 1-0

[Event "Ljubljana-chT 75th"]
[Site "Ljubljana"]
[Date "2023.01.12"]
[Round "1.4"]
[White "Leben, Dusan"]
[Black "Rojs, Lan"]
[Result "1-0"]
[WhiteElo "1797"]
[BlackElo "1406"]
[PlyCount "45"]
[EventDate "2023.01.12"]
[EventType "team-swiss"]
[EventRounds "9"]
[EventCountry "SLO"]
[SourceTitle "EXT 2024"]
[Source "ChessBase"]
[SourceDate "2023.10.10"]
[SourceVersion "1"]
[SourceVersionDate "2023.10.10"]
[SourceQuality "1"]
[WhiteTeam "Trzin Pekos Pub"]
[BlackTeam "Trzin Buscotrade"]
[WhiteTeamCountry "SLO"]
[BlackTeamCountry "SLO"]

1. Nf3 e6 2. d4 Nf6 3. c4 d5 4. e3 Be7 5. Bd3 0-0 6. 0-0 c5 7. Nc3 Nc6 8. dxc5 Bxc5 9. a3 a5 10. cxd5 exd5 11. Qc2 Bg4 12. Ng5 h6 13. Nh7 d4 14. Nxf6+ Qxf6 15. Ne4 Qh4 16. Qxc5 dxe3 17. Bb5 f5 18. Nd6 f4 19. Qd5+ Kh8 20. Qe4 g6 21. Qxg6 Qe7 22. Qxh6+ Kg8 23. Bc4+ 1-0

[Event "SLO-chT2 West"]
[Site "Komenda"]
[Date "2022.11.20"]
[Round "4.5"]
[White "Leben, Dusan"]
[Black "Redek, Leon"]
[Result "0-1"]
[WhiteElo "1831"]
[BlackElo "1523"]
[PlyCount "102"]
[EventDate "2022.11.19"]
[EventType "team-tourn"]
[EventRounds "7"]
[EventCountry "SLO"]
[SourceTitle "EXT 2024"]
[Source "ChessBase"]
[SourceDate "2023.10.10"]
[SourceVersion "1"]
[SourceVersionDate "2023.10.10"]
[SourceQuality "1"]
[WhiteTeam "Trzin"]
[BlackTeam "Vrhnika II"]
[WhiteTeamCountry "SLO"]
[BlackTeamCountry "SLO"]

1. Nf3 Nf6 2. c4 c5 3. g3 e6 4. Bg2 Be7 5. 0-0 0-0 6. d4 cxd4 7. Nxd4 Nc6 8. a3 a5 9. b3 d5 10. Bb2 Qb6 11. cxd5 Nxd5 12. Nxc6 bxc6 13. Qc2 Rb8 14. Nd2 Ba6 15. Rfe1 Rfc8 16. Be5 Ne3 17. Qc3 Ng4 18. Bd4 Qd8 19. h3 Bf6 20. Bxf6 Qxf6 21. Qxf6 Nxf6 22. Rab1 Nd5 23. Ne4 c5 24. Bf3 f5 25. Nd6 Rd8 26. Nc4 a4 27. Na5 Rb5 28. Nc6 Rd6 29. Bxd5 exd5 30. Ne7+ Kf8 31. Nxf5 Rdb6 32. Ne3 Bb7 33. Red1 axb3 34. Rb2 c4 35. Rc1 Ra6 36. Nd1 Rxa3 37. Nc3 Rb6 38. e3 Ke7 39. h4 Kd6 40. f4 Kc5 41. Kf2 Rba6 42. Ne2 Ra2 43. Rxb3 Bc8 44. Kf3 h5 45. f5 Bxf5 46. Kf4 Bc2 47. Rb8 Rf6+ 48. Ke5 Rf5+ 49. Ke6 Ra6+ 50. Ke7 Ra7+ 51. Ke8 Ba4+ 0-1

[Event "Ljubljana-chT 71st 1st League"]
[Site "Ljubljana"]
[Date "2018.01.11"]
[Round "1.1"]
[White "Siraj, Anej"]
[Black "Leben, Dusan"]
[Result "1-0"]
[WhiteElo "1956"]
[BlackElo "1865"]
[PlyCount "71"]
[EventDate "2018.01.11"]
[EventType "team-tourn"]
[EventRounds "9"]
[EventCountry "SLO"]
[SourceTitle "EXT 2024"]
[Source "ChessBase"]
[SourceDate "2023.10.10"]
[SourceVersion "1"]
[SourceVersionDate "2023.10.10"]
[SourceQuality "1"]
[WhiteTeam "Vrhnika"]
[BlackTeam "Dom-In Agencija Neprem"]
[WhiteTeamCountry "SLO"]
[BlackTeamCountry "SLO"]

1. d4 Nf6 2. Nf3 e6 3. c3 d5 4. Bf4 c5 5. e3 Nc6 6. Nbd2 cxd4 7. exd4 Bd6 8. Bg3 0-0 9. Ne5 Qc7 10. f4 Ne4 11. Bd3 f5 12. Ndf3 a6 13. Bh4 Be7 14. Bxe7 Qxe7 15. 0-0 Bd7 16. Re1 Rfc8 17. Qb3 Nxe5 18. Nxe5 b5 19. Bxe4 dxe4 20. Red1 Bc6 21. Kh1 Bd5 22. Qc2 a5 23. b3 Rc7 24. Qe2 Qe8 25. c4 bxc4 26. bxc4 Rac8 27. Qf1 Ba8 28. Rab1 Rb7 29. Rxb7 Bxb7 30. d5 exd5 31. cxd5 Rc2 32. d6 e3 33. d7 Qd8 34. Qd3 Rxg2 35. Qb3+ Kh8 36. Nf7+ 1-0